| 000 | 00748nam a22002177a 4500 | ||
|---|---|---|---|
| 001 | 2162214035923944 | ||
| 003 | UA-OsUOA | ||
| 005 | 20230801140707.0 | ||
| 008 | 230728b un ||||| |||| 00| 0 ukr d | ||
| 040 |
_aUA-OsUOA _bukr _cUA-OsUOA _dUA-OsUOA |
||
| 041 | _aukr | ||
| 080 | _a82:929 | ||
| 090 |
_a82:929 _bН53 |
||
| 100 | _aНепідсудний Т. | ||
| 245 |
_aЗ життя в царсько-сталінському Сибірі _cТ. Непідсудний |
||
| 260 | _c1951 | ||
| 300 | _a131 с. | ||
| 650 |
_2UDC _a82 Література. Літературознавство |
||
| 942 |
_2udc _cBK |
||
| 999 |
_c574734 _d574734 |
||